[Event "Florianopolis op 9th"]
[Site "Florianopolis"]
[Date "2023.01.29"]
[Round "10"]
[White "Lima Miranda, Caio Cesar"]
[Black "Calsing, Enzo Guedes"]
[Result "0-1"]
[WhiteElo "1579"]
[BlackElo "1316"]
[PlyCount "85"]
[EventDate "2023.01.23"]
[EventType "swiss"]
[EventRounds "10"]
[EventCountry "BRA"]
[SourceTitle "CBM 212 Extra"]
[Source "ChessBase"]
[SourceDate "2023.03.31"]
[SourceVersion "1"]
[SourceVersionDate "2023.03.31"]
[SourceQuality "1"]

1. c4 e5 2. Nc3 Nf6 3. g3 Nc6 4. Bg2 Bc5 5. e3 0-0 6. Nge2 Re8 7. d3 d6 8. 0-0 Be6 9. h3 Qd7 10. Kh2 d5 11. cxd5 Nxd5 12. a3 a5 13. Qc2 Be7 14. Bd2 Rad8 15. Rfd1 Nb6 16. Be1 f6 17. Na4 Nxa4 18. Qxa4 Bd5 19. e4 Be6 20. Qb5 b6 21. f4 Nd4 22. Nxd4 exd4 23. Qxd7 Rxd7 24. b4 axb4 25. axb4 Bb3 26. Rdc1 c5 27. Ra6 Rb8 28. b5 Rc7 29. Bf1 Rcc8 30. Be2 Ra8 31. Rca1 Rxa6 32. bxa6 b5 33. a7 Ra8 34. Bf3 Ba4 35. e5 Rxa7 36. Bc6 Ra6 37. Bd7 fxe5 38. fxe5 Bd8 39. Rb1 b4 40. Bxb4 cxb4 41. Rxb4 Bxd7 42. Rb8 Kf7 43. Rxd8 0-1

[Event "Florianopolis op 9th"]
[Site "Florianopolis"]
[Date "2023.01.28"]
[Round "8"]
[White "Melo, Sergio Roberto Samp"]
[Black "Calsing, Enzo Guedes"]
[Result "0-1"]
[WhiteElo "1580"]
[BlackElo "1316"]
[PlyCount "46"]
[EventDate "2023.01.23"]
[EventType "swiss"]
[EventRounds "10"]
[EventCountry "BRA"]
[SourceTitle "CBM 212 Extra"]
[Source "ChessBase"]
[SourceDate "2023.03.31"]
[SourceVersion "1"]
[SourceVersionDate "2023.03.31"]
[SourceQuality "1"]

1. Nf3 d5 2. b3 Nf6 3. Bb2 c5 4. d4 Nc6 5. e3 Bg4 6. Be2 e6 7. 0-0 cxd4 8. Nxd4 Bxe2 9. Qxe2 Nxd4 10. Bxd4 Be7 11. Nd2 0-0 12. c4 a6 13. Rac1 Rc8 14. cxd5 Nxd5 15. Nc4 Bf6 16. Rfd1 Bxd4 17. exd4 b5 18. Ne5 Nc3 19. Qd2 Nxd1 20. Rxd1 Qd5 21. h3 Rc7 22. Qf4 Rfc8 23. Kh2 Qd6 0-1

[Event "Florianopolis op 9th"]
[Site "Florianopolis"]
[Date "2023.01.27"]
[Round "7"]
[White "Calsing, Enzo Guedes"]
[Black "Telles, Arnoldo Beber"]
[Result "1-0"]
[WhiteElo "1316"]
[BlackElo "1060"]
[PlyCount "79"]
[EventDate "2023.01.23"]
[EventType "swiss"]
[EventRounds "10"]
[EventCountry "BRA"]
[SourceTitle "CBM 212 Extra"]
[Source "ChessBase"]
[SourceDate "2023.03.31"]
[SourceVersion "1"]
[SourceVersionDate "2023.03.31"]
[SourceQuality "1"]

1. d4 d5 2. c4 c6 3. Nc3 Nf6 4. Nf3 dxc4 5. e3 b5 6. a4 a6 7. axb5 cxb5 8. Nxb5 axb5 9. Rxa8 Na6 10. Bxc4 bxc4 11. Qa4+ Nd7 12. Ne5 e6 13. Nxd7 Ke7 14. Nxf8 Rxf8 15. Rxa6 Bxa6 16. Qxa6 Qc8 17. Qxc8 Rxc8 18. Bd2 Ra8 19. Ke2 Kd6 20. Rc1 Kd5 21. f3 f5 22. g4 g6 23. gxf5 gxf5 24. Rg1 Ra2 25. Bc3 Ra7 26. Rg8 Kc6 27. e4 fxe4 28. fxe4 Kb5 29. Re8 Ra6 30. Re7 h6 31. Rh7 Ka4 32. Rxh6 Kb3 33. d5 Rb6 34. Rxe6 Rxe6 35. dxe6 Kc2 36. e7 Kb3 37. Kd2 Ka2 38. Kc2 Ka1 39. e8Q Ka2 40. Qa8# 1-0

[Event "Florianopolis op 9th"]
[Site "Florianopolis"]
[Date "2023.01.24"]
[Round "2"]
[White "Dias, Matheus Nunes"]
[Black "Calsing, Enzo Guedes"]
[Result "1-0"]
[WhiteElo "1680"]
[BlackElo "1316"]
[PlyCount "76"]
[EventDate "2023.01.23"]
[EventType "swiss"]
[EventRounds "10"]
[EventCountry "BRA"]
[SourceTitle "CBM 212 Extra"]
[Source "ChessBase"]
[SourceDate "2023.03.31"]
[SourceVersion "1"]
[SourceVersionDate "2023.03.31"]
[SourceQuality "1"]

1. d4 d5 2. c4 c6 3. Nc3 Nf6 4. cxd5 cxd5 5. Bf4 Nc6 6. e3 a6 7. Bd3 Bg4 8. Qb3 Qd7 9. Na4 Ra7 10. Nc5 Qc8 11. Ne2 e6 12. Rc1 Bxc5 13. Rxc5 0-0 14. f3 Bf5 15. 0-0 Qd7 16. Bg5 b5 17. Bxf6 gxf6 18. a3 Na5 19. Qc2 Bg6 20. b3 Bxd3 21. Qxd3 Rc7 22. Qc3 Nc6 23. Nf4 Rcc8 24. Nh5 Qb7 25. Nxf6+ Kg7 26. Nh5+ Kh8 27. Rc1 Ne7 28. Qa5 Nc6 29. Qd2 Ne7 30. e4 Rxc5 31. dxc5 dxe4 32. Qg5 Nf5 33. Qf6+ Kg8 34. c6 Qb6+ 35. Kh1 Qe3 36. Rf1 exf3 37. gxf3 Qh6 38. Rg1+ Ng7 1-0

[Event "Porto Alegre Trois Cup"]
[Site "Porto Alegre"]
[Date "2022.08.19"]
[Round "1"]
[White "Fier, Alexandr"]
[Black "Calsing, Enzo Guedes"]
[Result "1-0"]
[WhiteElo "2572"]
[BlackElo "1251"]
[PlyCount "47"]
[EventDate "2022.08.19"]
[EventType "swiss"]
[EventRounds "5"]
[EventCountry "BRA"]
[SourceTitle "CBM 210 Extra"]
[Source "ChessBase"]
[SourceDate "2022.11.30"]
[SourceVersion "1"]
[SourceVersionDate "2022.11.30"]
[SourceQuality "1"]

1. e4 e5 2. f4 d6 3. Nf3 Nc6 4. Bc4 Be7 5. Nc3 Nf6 6. d3 0-0 7. f5 Na5 8. Bg5 Nxc4 9. dxc4 c6 10. Qd3 b6 11. 0-0-0 Ne8 12. Bxe7 Qxe7 13. g4 f6 14. Rhg1 a5 15. g5 Ra7 16. Qe3 Rb7 17. Rg3 fxg5 18. Rdg1 h6 19. h4 Nf6 20. hxg5 Nh5 21. Rg4 Bxf5 22. exf5 Rxf5 23. gxh6 Qf6 24. Ne4 1-0

[Event "Porto Alegre Metropole op 2nd"]
[Site "Porto Alegre"]
[Date "2019.08.02"]
[Round "1"]
[White "Calsing, Enzo Guedes"]
[Black "Calsing, Ado"]
[Result "0-1"]
[WhiteElo "1291"]
[BlackElo "1717"]
[PlyCount "44"]
[EventDate "2019.08.02"]
[EventType "swiss"]
[EventRounds "5"]
[EventCountry "BRA"]
[SourceTitle "EXT 2020"]
[Source "ChessBase"]
[SourceDate "2019.10.17"]
[SourceVersion "1"]
[SourceVersionDate "2019.10.17"]
[SourceQuality "1"]

1. c4 e5 2. g3 d5 3. cxd5 Qxd5 4. Nf3 e4 5. Nh4 e3 6. f3 exd2+ 7. Bxd2 Nc6 8. Nc3 Qh5 9. Qc2 Bd7 10. 0-0-0 0-0-0 11. Bg2 Be7 12. Be3 Bxh4 13. gxh4 Nge7 14. Bf2 g5 15. hxg5 Qxg5+ 16. Kb1 Qxg2 17. Bh4 Bf5 18. e4 Qxc2+ 19. Kxc2 Rxd1 20. Rxd1 Be6 21. Nd5 Bxd5 22. exd5 Nxd5 0-1